[Event "M?R 2020 v rapid ?achu druzstev"]
[Site "Turnov"]
[Date "2020.09.13"]
[Round "3.1"]
[White "Polak MOR_A, Tomas"]
[Black "Pulpan DPP, Jakub"]
[Result "1/2-1/2"]
[BlackElo "2493"]
[WhiteElo "2528"]
[LiveChessVersion "1.4.8"]

1. d4 {[%clk 0:15:06]} Nf6 {[%clk 0:15:09]} 2. c4 {[%clk 0:15:09]} e6
{[%clk 0:15:12]} 3. Nf3 {[%clk 0:15:12]} d5 {[%clk 0:15:16]} 4. Nc3
{[%clk 0:15:15]} c5 {[%clk 0:15:20]} 5. cxd5 {[%clk 0:15:15]} Nxd5
{[%clk 0:15:23]} 6. e4 {[%clk 0:15:17]} Nxc3 {[%clk 0:15:26]} 7. bxc3
{[%clk 0:15:21]} cxd4 {[%clk 0:15:30]} 8. cxd4 {[%clk 0:15:25]} Bb4+
{[%clk 0:15:34]} 9. Bd2 {[%clk 0:15:29]} Bxd2+ {[%clk 0:15:38]} 10. Qxd2
{[%clk 0:15:32]} O-O {[%clk 0:15:41]} 11. Bc4 {[%clk 0:15:31]} Nd7
{[%clk 0:15:45]} 12. O-O {[%clk 0:15:29]} b6 {[%clk 0:15:50]} 13. Rad1
{[%clk 0:15:30]} Bb7 {[%clk 0:15:54]} 14. Rfe1 {[%clk 0:15:35]} Rc8
{[%clk 0:15:57]} 15. Bb3 {[%clk 0:14:56]} Re8 {[%clk 0:16:01]} 16. h3
{[%clk 0:14:45]} Nf6 {[%clk 0:16:04]} 17. Qf4 {[%clk 0:14:36]} Nh5
{[%clk 0:16:08]} 18. Qg4 {[%clk 0:13:39]} Nf6 {[%clk 0:16:11]} 19. Qh4
{[%clk 0:13:41]} h6 {[%clk 0:15:08]} 20. Ne5 {[%clk 0:12:24]} Nd7
{[%clk 0:12:58]} 21. Qxd8 {[%clk 0:12:05]} Rexd8 {[%clk 0:13:01]} 22. Nc4
{[%clk 0:12:07]} Nf6 {[%clk 0:12:54]} 23. f3 {[%clk 0:10:57]} Kf8
{[%clk 0:12:49]} 24. Kf2 {[%clk 0:10:52]} Ba6 {[%clk 0:12:48]} 25. Ne3
{[%clk 0:10:32]} Bb7 {[%clk 0:12:33]} 26. h4 {[%clk 0:09:35]} b5 {[%clk 0:12:16]}
27. d5 {[%clk 0:09:20]} exd5 {[%clk 0:12:09]} 28. e5 {[%clk 0:09:17]} Nd7
{[%clk 0:09:44]} 29. Nf5 {[%clk 0:07:46]} Nc5 {[%clk 0:09:00]} 30. Nd6
{[%clk 0:07:50]} Rc7 {[%clk 0:08:46]} 31. Bxd5 {[%clk 0:07:16]} Bxd5
{[%clk 0:06:37]} 32. Rxd5 {[%clk 0:07:19]} a6 {[%clk 0:05:38]} 33. Red1
{[%clk 0:06:31]} Ne6 {[%clk 0:05:05]} 34. R1d2 {[%clk 0:06:04]} Nf4
{[%clk 0:04:22]} 35. R5d4 {[%clk 0:06:08]} Ne6 {[%clk 0:04:25]} 36. R4d3
{[%clk 0:06:05]} Rc5 {[%clk 0:04:10]} 37. Re3 {[%clk 0:05:55]} Nc7
{[%clk 0:02:22]} 38. Ke1 {[%clk 0:04:36]} Ne8 {[%clk 0:01:12]} 39. Nf5
{[%clk 0:03:54]} Rxd2 {[%clk 0:00:39]} 40. Kxd2 {[%clk 0:03:56]} h5
{[%clk 0:00:32]} 41. f4 {[%clk 0:02:59]} g6 {[%clk 0:00:29]} 42. Nd4
{[%clk 0:02:23]} Rc4 {[%clk 0:00:33]} 43. Rd3 {[%clk 0:02:15]} Nc7
{[%clk 0:00:31]} 44. g3 {[%clk 0:02:06]} Ne6 {[%clk 0:00:13]} 45. Nxe6+
{[%clk 0:00:47]} fxe6 {[%clk 0:00:17]} 46. Rc3 {[%clk 0:00:50]} Ra4
{[%clk 0:00:11]} 47. a3 {[%clk 0:00:53]} Ke7 {[%clk 0:00:15]} 48. Kc2
{[%clk 0:00:54]} Kd7 {[%clk 0:00:10]} 49. Rd3+ {[%clk 0:00:53]} Ke7
{[%clk 0:00:15]} 50. Kb3 {[%clk 0:00:55]} Re4 {[%clk 0:00:19]} 51. Kc3
{[%clk 0:00:56]} Ra4 {[%clk 0:00:22]} 52. Kb3 {[%clk 0:00:53]} Re4
{[%clk 0:00:26]} 53. Kc3 {[%clk 0:00:16]} a5 {[%clk 0:00:20]} 54. Kb3
{[%clk 0:00:11]} Ke8 {[%clk 0:00:12]} 55. Kc3 {[%clk 0:00:12]} Ke7
{[%clk 0:00:16]} 56. Kb3 {[%clk 0:00:16]} Ke8 {[%clk 0:00:18]} 57. Kc3
{[%clk 0:00:19]} 1/2-1/2

[Event "M?R 2020 v rapid ?achu druzstev"]
[Site "Turnov"]
[Date "2020.09.13"]
[Round "3.2"]
[White "Kourousis DPP, Epameinondas"]
[Black "Pisk MOR_A, Petr"]
[Result "1/2-1/2"]
[BlackElo "2379"]
[WhiteElo "2418"]
[LiveChessVersion "1.4.8"]

1. d4 {[%clk 0:15:04]} Nf6 {[%clk 0:14:50]} 2. Nf3 {[%clk 0:14:57]} e6
{[%clk 0:14:21]} 3. g3 {[%clk 0:14:59]} d5 {[%clk 0:14:07]} 4. c4
{[%clk 0:14:58]} Bb4+ {[%clk 0:13:58]} 5. Nbd2 {[%clk 0:14:57]} O-O
{[%clk 0:13:49]} 6. Bg2 {[%clk 0:15:01]} a5 {[%clk 0:13:33]} 7. O-O
{[%clk 0:14:23]} c6 {[%clk 0:13:00]} 8. c5 {[%clk 0:12:54]} Bxd2 {[%clk 0:12:39]}
9. Bxd2 {[%clk 0:12:50]} b6 {[%clk 0:12:34]} 10. cxb6 {[%clk 0:12:19]} Qxb6
{[%clk 0:12:02]} 11. Qb3 {[%clk 0:11:43]} Qxb3 {[%clk 0:09:17]} 12. axb3
{[%clk 0:11:46]} Ba6 {[%clk 0:09:20]} 13. Rxa5 {[%clk 0:11:40]} Nbd7
{[%clk 0:08:58]} 14. Rfa1 {[%clk 0:11:41]} Bb7 {[%clk 0:09:02]} 15. Bb4
{[%clk 0:11:23]} Rxa5 {[%clk 0:08:45]} 16. Rxa5 {[%clk 0:11:03]} Ra8
{[%clk 0:08:49]} 17. Rxa8+ {[%clk 0:11:07]} Bxa8 {[%clk 0:08:52]} 18. e3
{[%clk 0:10:49]} Bb7 {[%clk 0:08:17]} 19. Bf1 {[%clk 0:10:53]} Ne4
{[%clk 0:08:15]} 20. Ne1 {[%clk 0:08:58]} f6 {[%clk 0:05:50]} 21. f3
{[%clk 0:08:35]} Ng5 {[%clk 0:05:36]} 22. Kf2 {[%clk 0:08:31]} h5
{[%clk 0:04:48]} 23. Ba3 {[%clk 0:07:36]} Nb6 {[%clk 0:04:07]} 24. Bc5
{[%clk 0:06:59]} Nd7 {[%clk 0:04:07]} 25. b4 {[%clk 0:07:00]} e5 {[%clk 0:03:49]}
26. b5 {[%clk 0:06:47]} Ne6 {[%clk 0:03:34]} 27. b4 {[%clk 0:06:35]} Kf7
{[%clk 0:01:05]} 28. bxc6 {[%clk 0:05:23]} Bxc6 {[%clk 0:01:09]} 29. b5
{[%clk 0:05:27]} Bb7 {[%clk 0:00:52]} 30. Nd3 {[%clk 0:05:27]} e4
{[%clk 0:00:51]} 31. fxe4 {[%clk 0:03:06]} dxe4 {[%clk 0:00:54]} 32. Nf4
{[%clk 0:03:10]} Nexc5 {[%clk 0:00:37]} 33. Bc4+ {[%clk 0:03:02]} Ke7
{[%clk 0:00:34]} 34. dxc5 {[%clk 0:03:05]} Nxc5 {[%clk 0:00:37]} 35. Nxh5
{[%clk 0:03:09]} g5 {[%clk 0:00:26]} 36. h4 {[%clk 0:02:04]} Bc8 {[%clk 0:00:30]}
37. b6 {[%clk 0:00:12]} Na4 {[%clk 0:00:24]} 38. Bd5 {[%clk 0:00:09]} Nxb6
{[%clk 0:00:19]} 39. Bxe4 {[%clk 0:00:14]} Bg4 {[%clk 0:00:14]} 40. Ng7
{[%clk 0:00:08]} Kf7 {[%clk 0:00:18]} 41. Nf5 {[%clk 0:00:07]} Bxf5 42. Bxf5
{[%clk 0:00:12]} gxh4 {[%clk 0:00:26]} 43. gxh4 Nc4 {[%clk 0:00:29]} 44. e4
{[%clk 0:00:10]} Kg7 {[%clk 0:00:27]} 1/2-1/2

[Event "M?R 2020 v rapid ?achu druzstev"]
[Site "Turnov"]
[Date "2020.09.13"]
[Round "3.3"]
[White "Zeman MOR_A, Matyas"]
[Black "Burdalev DPP, Kirill"]
[Result "0-1"]
[BlackElo "2299"]
[WhiteElo "2255"]
[LiveChessVersion "1.4.8"]

1. d4 {[%clk 0:15:07]} d5 {[%clk 0:15:09]} 2. c4 {[%clk 0:15:08]} c6
{[%clk 0:15:12]} 3. Nc3 {[%clk 0:15:10]} Nf6 {[%clk 0:15:16]} 4. Qc2
{[%clk 0:15:13]} dxc4 {[%clk 0:14:32]} 5. Nf3 {[%clk 0:14:11]} g6
{[%clk 0:12:50]} 6. e4 {[%clk 0:14:01]} Be6 {[%clk 0:12:40]} 7. Ng5
{[%clk 0:13:02]} Qc8 {[%clk 0:12:44]} 8. Nxe6 {[%clk 0:11:19]} Qxe6
{[%clk 0:12:48]} 9. b3 {[%clk 0:11:22]} cxb3 {[%clk 0:11:58]} 10. axb3
{[%clk 0:11:25]} Bg7 {[%clk 0:11:42]} 11. Bc4 {[%clk 0:09:13]} Qd7
{[%clk 0:11:46]} 12. Bb2 {[%clk 0:08:55]} O-O {[%clk 0:11:38]} 13. O-O
{[%clk 0:08:31]} e6 {[%clk 0:09:03]} 14. Rfd1 {[%clk 0:06:37]} Qc7
{[%clk 0:09:06]} 15. Qe2 {[%clk 0:05:34]} Nbd7 {[%clk 0:09:02]} 16. e5
{[%clk 0:05:10]} Nd5 {[%clk 0:09:03]} 17. Ne4 {[%clk 0:05:14]} N7b6
{[%clk 0:07:36]} 18. Ba3 {[%clk 0:05:07]} Rfd8 {[%clk 0:07:11]} 19. Qf3
{[%clk 0:04:55]} Bf8 {[%clk 0:06:16]} 20. Bxf8 {[%clk 0:04:54]} Rxf8
{[%clk 0:06:15]} 21. h4 {[%clk 0:04:57]} Qe7 {[%clk 0:05:11]} 22. Qg3
{[%clk 0:04:41]} f5 {[%clk 0:04:27]} 23. Ng5 {[%clk 0:03:49]} h6 {[%clk 0:04:20]}
24. Nh3 {[%clk 0:03:29]} Kh7 {[%clk 0:04:21]} 25. f4 {[%clk 0:02:59]} a6
{[%clk 0:04:08]} 26. Nf2 {[%clk 0:02:25]} Nb4 {[%clk 0:03:50]} 27. Nd3
{[%clk 0:00:39]} Nxd3 {[%clk 0:03:34]} 28. Rxd3 {[%clk 0:00:43]} Rad8
{[%clk 0:03:25]} 29. Rc1 {[%clk 0:00:35]} Rg8 {[%clk 0:03:10]} 30. Qh3
{[%clk 0:00:35]} Nd5 {[%clk 0:03:06]} 31. Bxd5 {[%clk 0:00:24]} Rxd5
{[%clk 0:03:06]} 32. Rc4 {[%clk 0:00:26]} Qa3 {[%clk 0:03:04]} 33. Kh2
{[%clk 0:00:25]} Qb2 {[%clk 0:02:51]} 34. Qe3 {[%clk 0:00:24]} Rgd8
{[%clk 0:02:13]} 35. Rd2 {[%clk 0:00:27]} Qa1 {[%clk 0:01:36]} 36. Qf2
{[%clk 0:00:21]} Qb1 {[%clk 0:01:33]} 37. Qe3 {[%clk 0:00:16]} Qa1
{[%clk 0:00:27]} 38. Qf2 {[%clk 0:00:17]} Qa3 {[%clk 0:00:28]} 39. Qe3
{[%clk 0:00:21]} Qe7 {[%clk 0:00:32]} 40. Qg3 {[%clk 0:00:21]} R8d7 41. Rd3
{[%clk 0:00:21]} Qd8 {[%clk 0:00:38]} 42. Qe3 {[%clk 0:00:23]} Qxh4+
{[%clk 0:00:38]} 43. Kg1 {[%clk 0:00:27]} Qd8 {[%clk 0:00:39]} 44. Qf2
{[%clk 0:00:30]} c5 {[%clk 0:00:42]} 45. g4 {[%clk 0:00:08]} fxg4
{[%clk 0:00:43]} 46. Qg2 {[%clk 0:00:09]} h5 {[%clk 0:00:40]} 47. Rd2
{[%clk 0:00:07]} b5 {[%clk 0:00:44]} 0-1

[Event "M?R 2020 v rapid ?achu druzstev"]
[Site "Turnov"]
[Date "2020.09.13"]
[Round "3.4"]
[White "Pribyl DPP, Josef"]
[Black "Obsivac MOR_A, Josef"]
[Result "0-1"]
[BlackElo "2257"]
[WhiteElo "2256"]
[LiveChessVersion "1.4.8"]

1. d4 {[%clk 0:15:09]} Nf6 {[%clk 0:15:09]} 2. Nf3 {[%clk 0:15:10]} e6
{[%clk 0:15:07]} 3. Bf4 {[%clk 0:15:06]} c5 {[%clk 0:14:53]} 4. e3
{[%clk 0:15:10]} d5 {[%clk 0:14:40]} 5. c3 {[%clk 0:15:12]} Bd6 {[%clk 0:14:06]}
6. Ne5 {[%clk 0:15:14]} Qc7 {[%clk 0:13:23]} 7. Nd2 {[%clk 0:15:04]} Nbd7
{[%clk 0:13:07]} 8. Nxd7 {[%clk 0:15:02]} Bxd7 {[%clk 0:12:54]} 9. Bxd6
{[%clk 0:14:53]} Qxd6 {[%clk 0:12:58]} 10. f4 {[%clk 0:14:57]} cxd4
{[%clk 0:12:38]} 11. cxd4 {[%clk 0:15:00]} O-O {[%clk 0:12:07]} 12. Bd3
{[%clk 0:15:02]} a5 {[%clk 0:11:11]} 13. O-O {[%clk 0:15:02]} Rfc8
{[%clk 0:10:53]} 14. Rc1 {[%clk 0:14:28]} Qb4 {[%clk 0:10:30]} 15. Nb3
{[%clk 0:12:37]} Ba4 {[%clk 0:07:39]} 16. Qd2 {[%clk 0:11:29]} Bxb3
{[%clk 0:07:07]} 17. Qxb4 {[%clk 0:11:32]} axb4 {[%clk 0:07:11]} 18. axb3
{[%clk 0:11:35]} Kf8 {[%clk 0:06:37]} 19. h3 {[%clk 0:11:22]} Ke7
{[%clk 0:06:27]} 20. Kf2 {[%clk 0:11:11]} Kd6 {[%clk 0:06:22]} 21. Rxc8
{[%clk 0:11:00]} Rxc8 {[%clk 0:06:26]} 22. Ra1 {[%clk 0:11:04]} Ne4+
{[%clk 0:05:38]} 23. Ke2 {[%clk 0:10:53]} f5 {[%clk 0:05:28]} 24. g4
{[%clk 0:09:36]} g6 {[%clk 0:04:39]} 25. Ra4 {[%clk 0:09:09]} Rc1
{[%clk 0:04:26]} 26. Rxb4 {[%clk 0:09:11]} Kc7 {[%clk 0:04:16]} 27. Bxe4
{[%clk 0:05:38]} fxe4 {[%clk 0:04:19]} 28. Kd2 {[%clk 0:04:56]} Rh1
{[%clk 0:04:06]} 29. Ra4 {[%clk 0:04:51]} Rh2+ {[%clk 0:04:01]} 30. Kd1
{[%clk 0:04:43]} Rxh3 {[%clk 0:03:45]} 31. Ra8 {[%clk 0:04:25]} Rxe3
{[%clk 0:03:04]} 32. Rh8 {[%clk 0:04:28]} Rh3 {[%clk 0:02:45]} 33. Kc2
{[%clk 0:04:17]} Kd7 {[%clk 0:02:28]} 34. g5 {[%clk 0:04:16]} Rh4
{[%clk 0:02:09]} 35. Rf8 {[%clk 0:04:10]} Ke7 {[%clk 0:02:02]} 36. Rb8
{[%clk 0:04:13]} Rxf4 {[%clk 0:02:06]} 37. Rxb7+ {[%clk 0:04:17]} Kd6
{[%clk 0:02:09]} 38. Rxh7 {[%clk 0:04:20]} Rg4 {[%clk 0:02:11]} 39. b4
{[%clk 0:04:24]} Rxg5 {[%clk 0:02:12]} 40. b5 {[%clk 0:04:28]} Rh5
{[%clk 0:01:39]} 41. Rg7 {[%clk 0:04:27]} Rh8 {[%clk 0:01:38]} 42. b6
{[%clk 0:04:10]} Rb8 {[%clk 0:01:35]} 43. b7 {[%clk 0:04:14]} g5 {[%clk 0:01:36]}
44. Kc3 {[%clk 0:03:13]} g4 {[%clk 0:01:38]} 45. Kd2 {[%clk 0:03:14]} g3
{[%clk 0:01:36]} 46. Ke3 {[%clk 0:03:18]} Kc6 {[%clk 0:01:31]} 47. Re7
{[%clk 0:03:22]} Rxb7 {[%clk 0:01:26]} 48. Rxe6+ {[%clk 0:03:27]} Kd7
{[%clk 0:01:29]} 49. Rg6 {[%clk 0:03:29]} Rxb2 {[%clk 0:01:30]} 50. Kf4
{[%clk 0:03:29]} g2 {[%clk 0:01:25]} 51. Ke5 {[%clk 0:03:34]} Rf2
{[%clk 0:01:08]} 52. Kxd5 {[%clk 0:03:34]} e3 {[%clk 0:01:12]} 53. Rg7+
{[%clk 0:03:37]} Ke8 {[%clk 0:01:16]} 54. Ke6 {[%clk 0:03:32]} Kf8
{[%clk 0:01:20]} 0-1

[Event "M?R 2020 v rapid ?achu druzstev"]
[Site "Turnov"]
[Date "2020.09.13"]
[Round "3.5"]
[White "Cech TUR_B, Pavel"]
[Black "Serrano VYS, Salvador Eduardo"]
[Result "0-1"]
[BlackElo "2307"]
[WhiteElo "2406"]
[LiveChessVersion "1.4.8"]

1. d4 {[%clk 0:15:08]} d5 {[%clk 0:15:09]} 2. c4 {[%clk 0:15:11]} c6
{[%clk 0:15:12]} 3. Nc3 {[%clk 0:15:14]} Nf6 {[%clk 0:15:16]} 4. Nf3
{[%clk 0:15:17]} e6 {[%clk 0:15:19]} 5. cxd5 {[%clk 0:15:20]} exd5
{[%clk 0:15:21]} 6. Bg5 {[%clk 0:15:08]} Be7 {[%clk 0:15:24]} 7. Qc2
{[%clk 0:15:02]} Na6 {[%clk 0:15:19]} 8. e3 {[%clk 0:14:44]} Nb4 {[%clk 0:14:10]}
9. Qd2 {[%clk 0:14:43]} Bf5 {[%clk 0:13:51]} 10. Rc1 {[%clk 0:14:46]} Ne4
{[%clk 0:13:53]} 11. Nxe4 {[%clk 0:14:49]} dxe4 {[%clk 0:13:23]} 12. Bxe7
{[%clk 0:14:50]} Qxe7 {[%clk 0:13:25]} 13. Ne5 {[%clk 0:13:49]} O-O
{[%clk 0:11:00]} 14. a3 {[%clk 0:10:11]} Nd5 {[%clk 0:11:03]} 15. Be2
{[%clk 0:10:14]} Rad8 {[%clk 0:10:40]} 16. O-O {[%clk 0:10:00]} f6
{[%clk 0:09:22]} 17. Nc4 {[%clk 0:09:59]} Bg6 {[%clk 0:09:17]} 18. Qa5
{[%clk 0:08:55]} a6 {[%clk 0:09:01]} 19. Qc5 {[%clk 0:08:35]} Qd7
{[%clk 0:08:11]} 20. Nb6 {[%clk 0:08:06]} Nxb6 {[%clk 0:08:10]} 21. Qxb6
{[%clk 0:08:09]} Bf7 {[%clk 0:07:44]} 22. Bc4 {[%clk 0:06:09]} Bxc4
{[%clk 0:07:24]} 23. Rxc4 {[%clk 0:06:12]} f5 {[%clk 0:07:28]} 24. Rc5
{[%clk 0:05:56]} f4 {[%clk 0:06:57]} 25. Re5 {[%clk 0:05:48]} f3 {[%clk 0:06:06]}
26. Rxe4 {[%clk 0:05:52]} fxg2 {[%clk 0:06:05]} 27. Qb3+ {[%clk 0:05:27]} Kh8
{[%clk 0:05:55]} 28. Kxg2 {[%clk 0:05:27]} Qf5 {[%clk 0:05:52]} 29. Qe6
{[%clk 0:05:23]} Qf3+ {[%clk 0:05:48]} 30. Kg1 {[%clk 0:05:27]} Rf6
{[%clk 0:05:38]} 31. Rf4 {[%clk 0:05:07]} Qxf4 0-1

[Event "M?R 2020 v rapid ?achu druzstev"]
[Site "Turnov"]
[Date "2020.09.13"]
[Round "3.6"]
[White "Konopka VYS, Michal"]
[Black "Sodoma TUR_B, Jan"]
[Result "0-1"]
[BlackElo "2324"]
[WhiteElo "2410"]
[LiveChessVersion "1.4.8"]

1. Nf3 {[%clk 0:15:01]} d5 {[%clk 0:14:57]} 2. d4 {[%clk 0:14:59]} Nf6
{[%clk 0:14:40]} 3. c4 {[%clk 0:14:58]} c6 {[%clk 0:14:43]} 4. Qb3
{[%clk 0:14:58]} dxc4 {[%clk 0:14:40]} 5. Qxc4 {[%clk 0:15:01]} Bf5
{[%clk 0:14:43]} 6. g3 {[%clk 0:15:00]} e6 {[%clk 0:14:12]} 7. Bg2
{[%clk 0:15:03]} Be7 {[%clk 0:14:12]} 8. O-O {[%clk 0:15:02]} Ne4
{[%clk 0:13:49]} 9. e3 {[%clk 0:14:33]} Nd7 {[%clk 0:13:49]} 10. Nfd2
{[%clk 0:14:10]} Ndf6 {[%clk 0:13:34]} 11. Nc3 {[%clk 0:13:44]} Nxc3
{[%clk 0:11:24]} 12. bxc3 {[%clk 0:13:32]} O-O {[%clk 0:09:58]} 13. e4
{[%clk 0:13:32]} Bg6 {[%clk 0:10:02]} 14. f3 {[%clk 0:12:38]} b5 {[%clk 0:09:40]}
15. Qxc6 {[%clk 0:06:56]} b4 {[%clk 0:08:55]} 16. Nb3 {[%clk 0:06:59]} Rc8
{[%clk 0:08:21]} 17. Qa6 {[%clk 0:06:30]} Rxc3 {[%clk 0:06:29]} 18. Bb2
{[%clk 0:05:01]} Rc2 {[%clk 0:06:13]} 19. Rf2 {[%clk 0:04:55]} Rxf2
{[%clk 0:05:37]} 20. Kxf2 {[%clk 0:04:58]} Qb6 {[%clk 0:05:41]} 21. Bf1
{[%clk 0:03:17]} Rb8 {[%clk 0:03:49]} 22. Rc1 {[%clk 0:03:09]} Bd8
{[%clk 0:03:52]} 23. Rc8 {[%clk 0:02:08]} Qxa6 {[%clk 0:03:48]} 24. Rxb8
{[%clk 0:02:03]} Qd6 {[%clk 0:03:48]} 25. Ra8 {[%clk 0:01:59]} Qc7
{[%clk 0:02:34]} 26. Bd3 {[%clk 0:01:31]} Nd7 {[%clk 0:02:27]} 0-1

[Event "M?R 2020 v rapid ?achu druzstev"]
[Site "Turnov"]
[Date "2020.09.13"]
[Round "3.7"]
[White "Liska TUR_B, Jiri"]
[Black "Docekal VYS, Jan"]
[Result "1-0"]
[BlackElo "2225"]
[WhiteElo "2224"]
[LiveChessVersion "1.4.8"]

1. e4 {[%clk 0:15:07]} c5 {[%clk 0:15:09]} 2. Nf3 {[%clk 0:15:07]} d6
{[%clk 0:15:13]} 3. c3 {[%clk 0:15:10]} g6 {[%clk 0:15:13]} 4. d4
{[%clk 0:14:48]} cxd4 {[%clk 0:15:17]} 5. cxd4 {[%clk 0:14:52]} Bg7
{[%clk 0:15:20]} 6. Nc3 {[%clk 0:14:46]} Nf6 {[%clk 0:15:24]} 7. Bb5+
{[%clk 0:14:49]} Nfd7 {[%clk 0:15:18]} 8. O-O {[%clk 0:14:32]} O-O
{[%clk 0:15:21]} 9. Re1 {[%clk 0:14:10]} Nc6 {[%clk 0:15:25]} 10. Bg5
{[%clk 0:13:29]} a6 {[%clk 0:15:25]} 11. Bxc6 {[%clk 0:11:46]} bxc6
{[%clk 0:15:29]} 12. e5 {[%clk 0:11:49]} f6 {[%clk 0:14:29]} 13. exd6
{[%clk 0:11:19]} exd6 {[%clk 0:14:33]} 14. Bf4 {[%clk 0:11:04]} Nb6
{[%clk 0:14:37]} 15. Ne4 {[%clk 0:10:56]} d5 {[%clk 0:14:01]} 16. Nc5
{[%clk 0:10:53]} Re8 {[%clk 0:13:33]} 17. Rxe8+ {[%clk 0:09:32]} Qxe8
{[%clk 0:13:38]} 18. Qb3 {[%clk 0:09:35]} Nc4 {[%clk 0:13:37]} 19. Re1
{[%clk 0:09:36]} Qf7 {[%clk 0:13:41]} 20. Qa4 {[%clk 0:08:15]} Bg4
{[%clk 0:12:47]} 21. b3 {[%clk 0:08:01]} Bxf3 {[%clk 0:12:22]} 22. gxf3
{[%clk 0:08:04]} g5 {[%clk 0:12:04]} 23. Qxc6 {[%clk 0:06:41]} Rd8
{[%clk 0:12:02]} 24. Bc7 {[%clk 0:05:52]} Rc8 {[%clk 0:12:00]} 25. bxc4
{[%clk 0:05:42]} Rxc7 {[%clk 0:11:47]} 26. Re8+ {[%clk 0:05:44]} Bf8
{[%clk 0:11:44]} 27. Rxf8+ {[%clk 0:05:42]} Kxf8 {[%clk 0:11:25]} 28. Ne6+
{[%clk 0:05:33]} 1-0

[Event "M?R 2020 v rapid ?achu druzstev"]
[Site "Turnov"]
[Date "2020.09.13"]
[Round "3.8"]
[White "Jurek VYS, Josef"]
[Black "Kucera TUR_B, Petr"]
[Result "0-1"]
[BlackElo "2271"]
[WhiteElo "2252"]
[LiveChessVersion "1.4.8"]

1. Nf3 {[%clk 0:15:07]} d5 {[%clk 0:14:38]} 2. d4 {[%clk 0:15:06]} Nf6
{[%clk 0:14:31]} 3. c4 {[%clk 0:15:06]} c6 {[%clk 0:14:22]} 4. Qc2
{[%clk 0:14:57]} g6 {[%clk 0:13:28]} 5. Bf4 {[%clk 0:14:40]} Bg7 {[%clk 0:13:05]}
6. e3 {[%clk 0:14:36]} Bf5 {[%clk 0:12:20]} 7. Qb3 {[%clk 0:14:29]} Qb6
{[%clk 0:11:25]} 8. Nc3 {[%clk 0:14:14]} Nbd7 {[%clk 0:10:41]} 9. c5
{[%clk 0:13:37]} Qxb3 {[%clk 0:10:12]} 10. axb3 {[%clk 0:13:40]} a6
{[%clk 0:10:08]} 11. h3 {[%clk 0:13:22]} h6 {[%clk 0:09:52]} 12. Be2
{[%clk 0:13:02]} g5 {[%clk 0:09:19]} 13. Bh2 {[%clk 0:12:52]} O-O
{[%clk 0:08:57]} 14. O-O {[%clk 0:12:38]} Rfe8 {[%clk 0:08:51]} 15. b4
{[%clk 0:12:15]} Ne4 {[%clk 0:08:10]} 16. Nxe4 {[%clk 0:11:35]} Bxe4
{[%clk 0:07:34]} 17. Ra3 {[%clk 0:08:33]} Bxf3 {[%clk 0:06:40]} 18. Bxf3
{[%clk 0:08:22]} e5 {[%clk 0:06:42]} 19. Bg4 {[%clk 0:06:21]} Nf8
{[%clk 0:05:55]} 20. Rd1 {[%clk 0:05:51]} exd4 {[%clk 0:05:29]} 21. exd4
{[%clk 0:05:55]} Bxd4 {[%clk 0:04:39]} 22. Bd6 {[%clk 0:04:25]} Bxb2
{[%clk 0:03:00]} 23. Rf3 {[%clk 0:04:28]} Ng6 {[%clk 0:02:31]} 24. Bh5
{[%clk 0:03:43]} Kg7 {[%clk 0:02:17]} 25. Rf5 {[%clk 0:03:18]} Re6
{[%clk 0:02:04]} 26. Rd3 {[%clk 0:03:08]} Rf6 {[%clk 0:02:04]} 27. Rxf6
{[%clk 0:02:34]} Bxf6 {[%clk 0:02:03]} 28. Re3 {[%clk 0:02:26]} d4
{[%clk 0:01:59]} 29. Re4 {[%clk 0:02:14]} a5 {[%clk 0:01:27]} 30. bxa5
{[%clk 0:02:01]} Rxa5 {[%clk 0:01:30]} 31. Re8 {[%clk 0:01:55]} d3
{[%clk 0:01:16]} 32. Re3 {[%clk 0:01:22]} Nf4 {[%clk 0:00:44]} 33. Bxf4 gxf4
{[%clk 0:00:47]} 34. Rxd3 {[%clk 0:01:00]} Rxc5 {[%clk 0:00:49]} 35. Bg4
{[%clk 0:01:00]} b5 {[%clk 0:00:40]} 36. Rd7 {[%clk 0:01:02]} Rd5
{[%clk 0:00:17]} 37. Rc7 {[%clk 0:00:59]} b4 {[%clk 0:00:14]} 38. Be6
{[%clk 0:00:46]} Rd1+ {[%clk 0:00:18]} 39. Kh2 {[%clk 0:00:50]} Rc1
{[%clk 0:00:18]} 40. Bxf7 {[%clk 0:00:45]} Be5 {[%clk 0:00:20]} 41. Rb7
{[%clk 0:00:35]} c5 {[%clk 0:00:19]} 42. h4 {[%clk 0:00:30]} Bd4 {[%clk 0:00:14]}
43. Kh3 {[%clk 0:00:24]} Bxf2 {[%clk 0:00:16]} 44. Kg4 {[%clk 0:00:18]} Kf6
{[%clk 0:00:12]} 45. Bb3 {[%clk 0:00:12]} Be3 {[%clk 0:00:13]} 46. Kf3
{[%clk 0:00:10]} Rh1 {[%clk 0:00:13]} 47. Ke4 {[%clk 0:00:11]} Rxh4
{[%clk 0:00:16]} 48. Rf7+ {[%clk 0:00:11]} Kg6 {[%clk 0:00:17]} 49. Rc7
{[%clk 0:00:11]} Rg4 {[%clk 0:00:15]} 50. Kf3 {[%clk 0:00:10]} Rg3+
{[%clk 0:00:19]} 51. Ke4 {[%clk 0:00:14]} Rxg2 {[%clk 0:00:22]} 52. Bf7+
{[%clk 0:00:10]} Kf6 {[%clk 0:00:24]} 53. Bc4 {[%clk 0:00:12]} Rg7
{[%clk 0:00:20]} 54. Rc6+ {[%clk 0:00:16]} Kg5 {[%clk 0:00:24]} 55. Kf3
{[%clk 0:00:19]} Bd4 {[%clk 0:00:17]} 56. Rd6 {[%clk 0:00:20]} Re7
{[%clk 0:00:17]} 57. Rd5+ {[%clk 0:00:21]} Re5 {[%clk 0:00:20]} 58. Rd6
{[%clk 0:00:25]} Re3+ {[%clk 0:00:23]} 59. Kg2 {[%clk 0:00:23]} f3+
{[%clk 0:00:23]} 60. Kf1 {[%clk 0:00:24]} Rc3 {[%clk 0:00:26]} 0-1